[Event "CEDIS Festival saha 2026 - 1. turnir"]
[Site "Podgorica"]
[Date "2026.04.03"]
[Round "1.1"]
[White "Rasovic, Uros"]
[Black "Koprivica, Andrija"]
[Result "0-1"]
[WhiteElo "2208"]
[BlackElo "1807"]
[WhiteFideId "-1"]
[BlackFideId "-1"]
[PlyCount "76"]
[GameId "2295120888924064"]
[EventDate "2026.04.03"]
[EventType "swiss"]
[EventRounds "5"]
[EventCountry "MNE"]
[SourceVersionDate "2026.04.04"]

1. e4 e5 2. Nc3 Nf6 3. f4 d5 4. fxe5 Nxe4 5. Qf3 Nxc3 6. dxc3 Be6 7. Qg3 c6 8. Bf4 Nd7 9. O-O-O Nc5 10. c4 Qa5 11. cxd5 Qxa2 12. Bd3 Bxd5 13. Ne2 Na4 14. Kd2 Bb4+ 15. Ke3 Bc5+ 16. Kd2 Nxb2 17. Rb1 Nxd3 18. Rxb7 Qa5+ 19. Nc3 O-O-O 20. Rhb1 Bb6 21. R7xb6 axb6 22. cxd3 Be4 23. Qg4+ Kb7 24. Qxg7 Rxd3+ 25. Ke2 Qxc3 26. Qxf7+ Ka6 27. Qa2+ Qa3 28. Qc4+ Kb7 29. Qxe4 Qa2+ 30. Kxd3 Qxb1+ 31. Ke3 Qxe4+ 32. Kxe4 Rg8 33. g3 Kc7 34. e6+ Kd8 35. Bd6 Rg5 36. h4 Rd5 37. Ba3 h5 38. Bf8 Ke8 0-1

[Event "CEDIS Festival saha 2026 - 1. turnir"]
[Site "Podgorica"]
[Date "2026.04.03"]
[Round "1.2"]
[White "Vesovic, Nebojsa"]
[Black "Kramich, Aliaksei"]
[Result "0-1"]
[WhiteElo "1807"]
[BlackElo "2195"]
[WhiteFideId "-1"]
[BlackFideId "-1"]
[PlyCount "70"]
[GameId "2295122832027710"]
[EventDate "2026.04.03"]
[EventType "swiss"]
[EventRounds "5"]
[EventCountry "MNE"]
[SourceVersionDate "2026.04.04"]

1. Nf3 Nf6 2. c4 g6 3. d4 Bg7 4. Nc3 O-O 5. e4 d6 6. Be2 e5 7. d5 a5 8. h3 Na6 9. g4 Nc5 10. Qc2 Ne8 11. Bg5 f6 12. Bd2 f5 13. gxf5 gxf5 14. Bg5 Qd7 15. Nd2 Nf6 16. O-O-O Nfxe4 17. Ndxe4 Nxe4 18. Nxe4 fxe4 19. Be3 Kh8 20. Rdg1 Qe8 21. Qd2 Rg8 22. Rg3 Bf6 23. h4 Bf5 24. Rhg1 Qa4 25. b3 Qb4 26. h5 Bh4 27. Rxg8+ Rxg8 28. Rxg8+ Kxg8 29. Qxb4 axb4 30. c5 dxc5 31. Bxc5 b6 32. Be3 Kf7 33. f4 exf3 34. Bxf3 Kf6 35. Bd2 Bg5 0-1

[Event "CEDIS Festival saha 2026 - 1. turnir"]
[Site "Podgorica"]
[Date "2026.04.03"]
[Round "1.3"]
[White "Musovic, Armin"]
[Black "Popovic, Nikola"]
[Result "1-0"]
[WhiteElo "2176"]
[BlackElo "1760"]
[WhiteFideId "-1"]
[BlackFideId "-1"]
[PlyCount "43"]
[GameId "2295123713003655"]
[EventDate "2026.04.03"]
[EventType "swiss"]
[EventRounds "5"]
[EventCountry "MNE"]
[SourceVersionDate "2026.04.04"]

1. e4 c5 2. c3 Nf6 3. e5 Nd5 4. d4 cxd4 5. Nf3 Nc6 6. Bc4 Nb6 7. Bb3 d6 8. exd6 Qxd6 9. O-O Bg4 10. Bxf7+ Kd8 11. cxd4 Qf6 12. Bb3 Bxf3 13. Qxf3 Qxf3 14. gxf3 Nxd4 15. Rd1 e5 16. f4 Kc7 17. fxe5 Nf3+ 18. Kg2 Nxe5 19. Bf4 Bd6 20. Nc3 Rad8 21. Nb5+ Kc6 22. Nxd6 1-0

[Event "CEDIS Festival saha 2026 - 1. turnir"]
[Site "Podgorica"]
[Date "2026.04.03"]
[Round "1.4"]
[White "Djukic, Katarina"]
[Black "Jovancevic, Jovan"]
[Result "0-1"]
[WhiteElo "1732"]
[BlackElo "2163"]
[WhiteFideId "-1"]
[BlackFideId "-1"]
[PlyCount "98"]
[GameId "2294928215143496"]
[EventDate "2026.04.03"]
[EventType "swiss"]
[EventRounds "5"]
[EventCountry "MNE"]
[SourceVersionDate "2026.04.04"]

1. e4 g6 2. d4 Bg7 3. Nc3 c6 4. Nf3 d5 5. h3 dxe4 6. Nxe4 Nf6 7. Nxf6+ exf6 8. Qe2+ Be6 9. Bf4 O-O 10. O-O-O Re8 11. Qd2 a5 12. Kb1 b5 13. Bh6 Qd5 14. b3 Bh8 15. Be3 a4 16. Bd3 Na6 17. c4 bxc4 18. bxc4 Reb8+ 19. Ka1 Qd8 20. Rb1 c5 21. Bf4 Rxb1+ 22. Rxb1 cxd4 23. Rb5 Qc8 24. Qc2 Nc5 25. Rb4 a3 26. Nd2 Qc6 27. f3 Re8 28. Ne4 Nxd3 29. Qxd3 Bf5 30. Qxa3 Bxe4 31. fxe4 Qxe4 32. Bc1 f5 33. Rb1 d3+ 34. Bb2 Qxc4 35. Bxh8 Kxh8 36. Rd1 Re2 37. Rxd3 Re1+ 38. Kb2 Qc1+ 39. Kb3 Qc8 40. Kb2 Qb7+ 41. Qb3 Qxg2+ 42. Ka3 Qa8+ 43. Kb2 Re2+ 44. Ka1 Kg8 45. Rd7 Qh1+ 46. Rd1 Qe4 47. Rd8+ Kg7 48. Rd5 Re1+ 49. Rd1 Qd4+ 0-1

[Event "CEDIS Festival saha 2026 - 1. turnir"]
[Site "Podgorica"]
[Date "2026.04.03"]
[Round "1.5"]
[White "Kolmakov, Ivan D"]
[Black "Lakusic, Zoran"]
[Result "1-0"]
[WhiteElo "2105"]
[BlackElo "1714"]
[WhiteFideId "-1"]
[BlackFideId "-1"]
[PlyCount "33"]
[GameId "2295124413046966"]
[EventDate "2026.04.03"]
[EventType "swiss"]
[EventRounds "5"]
[EventCountry "MNE"]
[SourceVersionDate "2026.04.04"]

1. e4 e5 2. Nf3 Nc6 3. d4 exd4 4. c3 g6 5. cxd4 Bg7 6. Nc3 Nge7 7. h4 h5 8. Bc4 f6 9. d5 Nb4 10. a3 Na6 11. d6 cxd6 12. Nb5 d5 13. Nd6+ Kf8 14. Bxd5 Qb6 15. Bf4 f5 16. O-O Nc7 17. Nc4 1-0

[Event "CEDIS Festival saha 2026 - 1. turnir"]
[Site "Podgorica"]
[Date "2026.04.03"]
[Round "1.6"]
[White "Jankovic, Marko"]
[Black "Abramovic, Dragoljub"]
[Result "0-1"]
[WhiteElo "1587"]
[BlackElo "2035"]
[WhiteFideId "-1"]
[BlackFideId "-1"]
[PlyCount "104"]
[GameId "2295127457828895"]
[EventDate "2026.04.03"]
[EventType "swiss"]
[EventRounds "5"]
[EventCountry "MNE"]
[SourceVersionDate "2026.04.04"]

1. e4 Nc6 2. d4 d5 3. e5 Bf5 4. c3 e6 5. Be2 h6 6. Nf3 Nge7 7. Be3 Bh7 8. Nbd2 Nf5 9. O-O Be7 10. Bb5 O-O 11. Bxc6 bxc6 12. Qa4 c5 13. Rac1 Qb8 14. b3 Qb6 15. dxc5 Bxc5 16. Bxc5 Qxc5 17. Qb4 Qb6 18. Qxb6 axb6 19. a4 c5 20. Rfe1 Rfd8 21. c4 Ne7 22. cxd5 exd5 23. e6 f6 24. Rcd1 Rac8 25. Rc1 Rd6 26. b4 Bf5 27. bxc5 bxc5 28. Nb3 Rdc6 29. a5 Bd3 30. Re3 Bc4 31. Nfd2 d4 32. Ree1 Bxe6 33. a6 Kf7 34. a7 Bxb3 35. Nxb3 Ra8 36. Nxd4 cxd4 37. Rxe7+ Kxe7 38. Rxc6 Rxa7 39. Rc1 Kd6 40. Kf1 Kd5 41. Rd1 h5 42. Ke2 h4 43. h3 f5 44. f3 Ra2+ 45. Kf1 g5 46. Kg1 Ke5 47. Kf1 Rc2 48. Re1+ Kf4 49. Rd1 Kg3 50. Rxd4 Rxg2 51. Rd5 Rf2+ 52. Kg1 Rxf3 0-1

[Event "CEDIS Festival saha 2026 - 1. turnir"]
[Site "Podgorica"]
[Date "2026.04.03"]
[Round "1.7"]
[White "Zivkovic, Slaven"]
[Black "Vukovic, Stefan"]
[Result "1-0"]
[WhiteElo "1929"]
[BlackElo "1519"]
[WhiteFideId "-1"]
[BlackFideId "-1"]
[PlyCount "55"]
[GameId "2295128667078825"]
[EventDate "2026.04.03"]
[EventType "swiss"]
[EventRounds "5"]
[EventCountry "MNE"]
[SourceVersionDate "2026.04.04"]

1. e4 e5 2. Nf3 d6 3. Bc4 Be7 4. c3 c5 5. d4 cxd4 6. cxd4 Nc6 7. Nc3 Bg4 8. dxe5 Nxe5 9. Be2 Nf6 10. Nxe5 Bxe2 11. Qxe2 dxe5 12. Qb5+ Qd7 13. Qxe5 O-O 14. O-O Rfe8 15. Re1 Bb4 16. Qg3 Bxc3 17. Qxc3 Nxe4 18. Qb4 Nf6 19. Bg5 Rxe1+ 20. Rxe1 Ne8 21. h3 b6 22. Re7 Qf5 23. Bh4 g6 24. Qd4 Ng7 25. a3 g5 26. Bg3 h5 27. Be5 f6 28. Qd5+ 1-0

[Event "CEDIS Festival saha 2026 - 1. turnir"]
[Site "Podgorica"]
[Date "2026.04.03"]
[Round "1.8"]
[White "Shevtsov, Egor"]
[Black "Baranin, Gojko"]
[Result "1/2-1/2"]
[WhiteElo "1501"]
[BlackElo "1896"]
[WhiteFideId "-1"]
[BlackFideId "-1"]
[PlyCount "40"]
[GameId "2295129707884768"]
[EventDate "2026.04.03"]
[EventType "swiss"]
[EventRounds "5"]
[EventCountry "MNE"]
[SourceVersionDate "2026.04.04"]

1. e4 d6 2. d4 g6 3. Nc3 Nf6 4. f3 Bg7 5. Be3 a6 6. Qd2 b6 7. Bh6 O-O 8. h4 e5 9. d5 Nh5 10. Bxg7 Kxg7 11. g4 Ng3 12. Rh2 Nxf1 13. Kxf1 Nd7 14. h5 g5 15. h6+ Kh8 16. Nge2 Nc5 17. b4 Nb7 18. Ng3 f6 19. Na4 Bd7 20. Nc3 b5 1/2-1/2

[Event "CEDIS Festival saha 2026 - 1. turnir"]
[Site "Podgorica"]
[Date "2026.04.03"]
[Round "1.9"]
[White "Mitric, Nebojsa"]
[Black "Shevtsov, Konstantin"]
[Result "0-1"]
[WhiteElo "1863"]
[BlackElo "1440"]
[WhiteFideId "-1"]
[BlackFideId "-1"]
[PlyCount "70"]
[GameId "2295130502914340"]
[EventDate "2026.04.03"]
[EventType "swiss"]
[EventRounds "5"]
[EventCountry "MNE"]
[SourceVersionDate "2026.04.04"]

1. d4 d5 2. Nf3 Nf6 3. g3 g6 4. Bg2 Bg7 5. O-O O-O 6. Nbd2 b6 7. b3 Bb7 8. Bb2 c5 9. e3 Nc6 10. a3 Rc8 11. c4 Re8 12. cxd5 Nxd5 13. e4 Nc7 14. Nc4 cxd4 15. Re1 e5 16. Qd2 Na6 17. a4 Nc5 18. Qd1 Na5 19. Nxa5 bxa5 20. Nh4 Qb6 21. Ba3 Qxb3 22. Qxb3 Nxb3 23. Rab1 Rc3 24. Bb2 Rc7 25. Ba3 Nd2 26. Rb5 Nc4 27. Bc1 d3 28. Nf3 Rd8 29. Nd2 Nxd2 30. Bxd2 Rc2 31. Rxb7 Rxd2 32. Rxa7 Re2 33. Rd1 d2 34. Bf3 Re1+ 35. Kg2 Rd3 0-1

[Event "CEDIS Festival saha 2026 - 1. turnir"]
[Site "Podgorica"]
[Date "2026.04.03"]
[Round "1.10"]
[White "Sorochenkov, Alexander"]
[Black "Pavlovic, David"]
[Result "0-1"]
[WhiteElo "1429"]
[BlackElo "1844"]
[WhiteFideId "-1"]
[BlackFideId "-1"]
[PlyCount "120"]
[GameId "2295131871322594"]
[EventDate "2026.04.03"]
[EventType "swiss"]
[EventRounds "5"]
[EventCountry "MNE"]
[SourceVersionDate "2026.04.04"]

1. e4 c6 2. d4 d5 3. exd5 cxd5 4. Bd3 Nc6 5. Nf3 Bg4 6. c3 Nf6 7. Bf4 e6 8. Nbd2 Bd6 9. Bxd6 Qxd6 10. O-O O-O 11. Re1 Rfe8 12. h3 Bh5 13. Qc2 Rac8 14. Qb1 Bg6 15. Ne5 Nd7 16. Ndf3 Ndxe5 17. Nxe5 Nxe5 18. dxe5 Qb6 19. Bxg6 fxg6 20. Re2 Rf8 21. Qd3 Rf5 22. Qd4 Qa6 23. Qd2 Qb6 24. Qd4 Qb5 25. Rae1 a6 26. b3 Qc5 27. Qxc5 Rxc5 28. Re3 Rf8 29. Rd1 Rfc8 30. Rdd3 b5 31. b4 Rc4 32. Kf1 a5 33. a3 Kf7 34. Ke2 Ra8 35. Rd4 Ke7 36. Rxc4 bxc4 37. f4 Kd7 38. g4 Kc6 39. Rf3 d4 40. cxd4 Kd5 41. bxa5 Kxd4 42. Kd2 Rxa5 43. Rc3 Ra8 44. Kc2 Rf8 45. Rf3 g5 46. f5 exf5 47. Rxf5 Rxf5 48. gxf5 Kxe5 49. a4 Kd5 50. a5 Kc5 51. a6 Kb6 52. Kc3 Kxa6 53. Kxc4 Kb6 54. Kd5 h5 55. Ke6 g4 56. Kf7 g3 57. Kxg7 g2 58. f6 g1=Q+ 59. Kh7 Qf1 60. Kg6 Qxh3 0-1

[Event "CEDIS Festival saha 2026 - 1. turnir"]
[Site "Podgorica"]
[Date "2026.04.04"]
[Round "2.1"]
[White "Kramich, Aliaksei"]
[Black "Pavlovic, David"]
[Result "1-0"]
[WhiteElo "2195"]
[BlackElo "1844"]
[WhiteFideId "-1"]
[BlackFideId "-1"]
[PlyCount "61"]
[GameId "2295221773051136"]
[EventDate "2026.04.03"]
[EventType "swiss"]
[EventRounds "5"]
[EventCountry "MNE"]
[SourceVersionDate "2026.04.04"]

1. e4 c6 2. d4 d5 3. exd5 cxd5 4. Bd3 Nc6 5. c3 Nf6 6. h3 e6 7. Nf3 h6 8. O-O Bd6 9. Re1 O-O 10. Ne5 Bxe5 11. dxe5 Nd7 12. Qh5 Ndxe5 13. Rxe5 Nxe5 14. Qxe5 f5 15. Nd2 Bd7 16. Nf3 Qf6 17. Qg3 Rae8 18. Bf4 Bc6 19. Be5 f4 20. Qg4 h5 21. Qxh5 Qh6 22. Qg4 d4 23. Nxd4 f3 24. g3 g5 25. h4 Rf5 26. Nxf5 exf5 27. Qxf5 b5 28. hxg5 Qh5 29. Qf6 Rxe5 30. Qxe5 Qh3 31. Bf1 1-0

[Event "CEDIS Festival saha 2026 - 1. turnir"]
[Site "Podgorica"]
[Date "2026.04.04"]
[Round "2.2"]
[White "Jeknic, Velimir"]
[Black "Musovic, Armin"]
[Result "1/2-1/2"]
[WhiteElo "1813"]
[BlackElo "2176"]
[WhiteFideId "-1"]
[BlackFideId "-1"]
[PlyCount "52"]
[GameId "2295222716183911"]
[EventDate "2026.04.03"]
[EventType "swiss"]
[EventRounds "5"]
[EventCountry "MNE"]
[SourceVersionDate "2026.04.04"]

1. e4 c6 2. d4 g6 3. f4 d5 4. e5 Nh6 5. Nf3 Bg4 6. h3 Bxf3 7. Qxf3 Nf5 8. c3 e6 9. Bd3 c5 10. g4 Nh4 11. Qf2 cxd4 12. cxd4 Nc6 13. Be3 Be7 14. O-O h5 15. f5 gxf5 16. gxf5 Rg8+ 17. Kh1 Rg2 18. Qe1 Bg5 19. fxe6 fxe6 20. Bg6+ Kd7 21. Bxh5 Bxe3 22. Rf7+ Ne7 23. Qxe3 Qg8 24. Rxe7+ Kxe7 25. Qa3+ Kd7 26. Qd6+ Kc8 1/2-1/2

[Event "CEDIS Festival saha 2026 - 1. turnir"]
[Site "Podgorica"]
[Date "2026.04.04"]
[Round "2.3"]
[White "Jovancevic, Jovan"]
[Black "Jankovic, Jovan"]
[Result "1-0"]
[WhiteElo "2163"]
[BlackElo "1830"]
[WhiteFideId "-1"]
[BlackFideId "-1"]
[PlyCount "83"]
[GameId "2295223525311902"]
[EventDate "2026.04.03"]
[EventType "swiss"]
[EventRounds "5"]
[EventCountry "MNE"]
[SourceVersionDate "2026.04.04"]

1. d4 d5 2. c4 e6 3. Nc3 Nf6 4. Bg5 Be7 5. e3 O-O 6. Nf3 c6 7. Be2 Ne4 8. Bxe7 Qxe7 9. Nxe4 dxe4 10. Nd2 f5 11. Qc2 Nd7 12. O-O-O a5 13. f3 Qg5 14. Qc3 Qxg2 15. Rde1 Nf6 16. h4 Qg6 17. Reg1 Qh6 18. Rg5 Rf7 19. Qc2 Bd7 20. fxe4 fxe4 21. Nxe4 Nxe4 22. Qxe4 Raf8 23. Rh5 Qg6 24. Qxg6 hxg6 25. Rxa5 Rf2 26. Bd3 Rg2 27. Ra7 Rb8 28. b4 Kf7 29. Rf1+ Ke7 30. Rf4 g5 31. hxg5 Rxg5 32. Kd2 Rg2+ 33. Kc3 g5 34. Rf1 g4 35. Be4 Rg3 36. Kd3 Kd6 37. Rf7 Rg1 38. Rg7 g3 39. a4 Rb1 40. Kd2 Rxb4 41. Kc3 g2 42. Kxb4 1-0

[Event "CEDIS Festival saha 2026 - 1. turnir"]
[Site "Podgorica"]
[Date "2026.04.04"]
[Round "2.4"]
[White "Rabrenovic, Matija"]
[Black "Kolmakov, Ivan D"]
[Result "0-1"]
[WhiteElo "1810"]
[BlackElo "2105"]
[WhiteFideId "-1"]
[BlackFideId "-1"]
[PlyCount "78"]
[GameId "2295224483825155"]
[EventDate "2026.04.03"]
[EventType "swiss"]
[EventRounds "5"]
[EventCountry "MNE"]
[SourceVersionDate "2026.04.04"]

1. e4 e6 2. d4 d5 3. exd5 exd5 4. Nf3 Nc6 5. c3 Bd6 6. Bd3 Nge7 7. O-O O-O 8. Bg5 f6 9. Bh4 Bf5 10. Qc2 Qd7 11. Nbd2 Bxd3 12. Qxd3 g5 13. Bg3 Ng6 14. Rfe1 Nce7 15. Qe2 Kf7 16. c4 Nf5 17. Bxd6 Qxd6 18. Qd3 Qd7 19. Nb3 b6 20. Rad1 Kg7 21. cxd5 Nf4 22. Qc4 Nd6 23. Qf1 Rae8 24. Rxe8 Rxe8 25. Nbd2 Qg4 26. Re1 Rxe1 27. Nxe1 Nh3+ 28. Kh1 Qxd4 29. gxh3 Qxd2 30. Nd3 Qa5 31. Qe2 Qxd5+ 32. Kg1 Qxa2 33. Qe7+ Kg6 34. Qe3 Qc4 35. b4 Qe4 36. Qg3 Nf5 37. Qxc7 Qxd3 38. Qc8 Qd1+ 39. Kg2 Nh4+ 0-1

[Event "CEDIS Festival saha 2026 - 1. turnir"]
[Site "Podgorica"]
[Date "2026.04.04"]
[Round "2.5"]
[White "Abramovic, Dragoljub"]
[Black "Vujadinovic, Zeljko"]
[Result "1/2-1/2"]
[WhiteElo "2035"]
[BlackElo "1811"]
[WhiteFideId "-1"]
[BlackFideId "-1"]
[PlyCount "74"]
[GameId "2295225853982286"]
[EventDate "2026.04.03"]
[EventType "swiss"]
[EventRounds "5"]
[EventCountry "MNE"]
[SourceVersionDate "2026.04.04"]

1. Nf3 b6 2. d4 Bb7 3. c4 e6 4. Nc3 Nf6 5. Bg5 Be7 6. Qc2 d5 7. e3 O-O 8. Rc1 c6 9. Bd3 h6 10. Bh4 Nbd7 11. O-O dxc4 12. Bxc4 c5 13. Qe2 Ne4 14. Bxe7 Nxc3 15. Rxc3 Qxe7 16. Bb5 cxd4 17. Rc7 Bc8 18. Rfc1 Qd8 19. Bxd7 Bxd7 20. Nxd4 e5 21. Nf3 Bg4 22. h3 Bh5 23. g4 e4 24. gxh5 exf3 25. Qxf3 Qd2 26. R1c2 Qa5 27. a3 Rad8 28. Kh2 Rd6 29. Rc8 Rdd8 30. Rxd8 Rxd8 31. Rc1 Qe5+ 32. Kg2 Qxb2 33. Rc7 Qb3 34. Rxa7 Qd5 35. Qxd5 Rxd5 36. Ra8+ Kh7 37. Rb8 b5 1/2-1/2

[Event "CEDIS Festival saha 2026 - 1. turnir"]
[Site "Podgorica"]
[Date "2026.04.04"]
[Round "2.6"]
[White "Koprivica, Andrija"]
[Black "Zivkovic, Slaven"]
[Result "0-1"]
[WhiteElo "1807"]
[BlackElo "1929"]
[WhiteFideId "-1"]
[BlackFideId "-1"]
[PlyCount "70"]
[GameId "2295227153974955"]
[EventDate "2026.04.03"]
[EventType "swiss"]
[EventRounds "5"]
[EventCountry "MNE"]
[SourceVersionDate "2026.04.04"]

1. e4 e5 2. Bc4 Nf6 3. Nc3 Bc5 4. Nge2 c6 5. d4 Bb6 6. O-O d6 7. h3 h6 8. Be3 O-O 9. Ng3 Qe7 10. a4 exd4 11. Bxd4 Bxd4 12. Qxd4 Be6 13. Rad1 Rd8 14. Rfe1 c5 15. Qd3 Nc6 16. Nd5 Bxd5 17. exd5 Ne5 18. Qb3 Qc7 19. Nf5 Qd7 20. Ne3 Nxc4 21. Qxc4 Re8 22. Qf4 Re4 23. Qf5 Qe7 24. c4 Re8 25. Kf1 Re5 26. Qf3 Qd7 27. b3 Ne4 28. Nc2 Rf5 29. Qd3 Rxf2+ 30. Kg1 Qf5 31. Ne3 Qg6 32. Ng4 Rb2 33. Re2 Rxe2 34. Qxe2 f5 35. Nf2 Nc3 0-1

[Event "CEDIS Festival saha 2026 - 1. turnir"]
[Site "Podgorica"]
[Date "2026.04.04"]
[Round "2.7"]
[White "Shevtsov, Konstantin"]
[Black "Zizic, Djordje"]
[Result "0-1"]
[WhiteElo "1440"]
[BlackElo "2152"]
[WhiteFideId "-1"]
[BlackFideId "-1"]
[PlyCount "72"]
[GameId "2295230123849868"]
[EventDate "2026.04.03"]
[EventType "swiss"]
[EventRounds "5"]
[EventCountry "MNE"]
[SourceVersionDate "2026.04.04"]

1. e4 c5 2. Nc3 d6 3. Nge2 Nf6 4. d4 cxd4 5. Nxd4 a6 6. f3 e5 7. Nb3 Be6 8. Be2 Be7 9. Be3 O-O 10. O-O Qc7 11. f4 b5 12. f5 Bc4 13. Nd2 Bxe2 14. Qxe2 Nbd7 15. a3 Qc6 16. Bf2 Rab8 17. Rfc1 Rfd8 18. Na2 d5 19. exd5 Nxd5 20. c4 Nf4 21. Qf3 Qxf3 22. Nxf3 Ne2+ 23. Kf1 Nxc1 24. Rxc1 bxc4 25. Rxc4 Rxb2 26. Nb4 Bxb4 27. axb4 f6 28. Bc5 Nxc5 29. bxc5 Rd1+ 30. Ne1 Rbb1 31. Re4 Kf8 32. g4 Ke7 33. g5 Kd7 34. Kf2 Rxe1 35. Rxe1 Rxe1 36. Kxe1 Kc6 0-1

[Event "CEDIS Festival saha 2026 - 1. turnir"]
[Site "Podgorica"]
[Date "2026.04.04"]
[Round "2.8"]
[White "Baranin, Gojko"]
[Black "Mitrovic, Danilo"]
[Result "1/2-1/2"]
[WhiteElo "1896"]
[BlackElo "1629"]
[WhiteFideId "-1"]
[BlackFideId "-1"]
[PlyCount "50"]
[GameId "2295231183337763"]
[EventDate "2026.04.03"]
[EventType "swiss"]
[EventRounds "5"]
[EventCountry "MNE"]
[SourceVersionDate "2026.04.04"]

1. d4 c5 2. d5 e6 3. c4 exd5 4. cxd5 d6 5. e4 a6 6. a4 Nf6 7. Nc3 g6 8. Bd3 Bg7 9. Nge2 Bg4 10. O-O Bxe2 11. Qxe2 O-O 12. f4 Nbd7 13. Rf3 Re8 14. Qf2 Rc8 15. Rh3 c4 16. Bc2 Qb6 17. Qxb6 Nxb6 18. Be3 Nbd7 19. Bd4 Nh5 20. Bxg7 Kxg7 21. Rf3 Nc5 22. Re1 Nf6 23. h3 Nfd7 24. Kf2 f6 25. Rfe3 Re7 1/2-1/2

[Event "CEDIS Festival saha 2026 - 1. turnir"]
[Site "Podgorica"]
[Date "2026.04.04"]
[Round "2.9"]
[White "Vujovic, Andrija"]
[Black "Dedic, Slavko"]
[Result "0-1"]
[WhiteElo "1513"]
[BlackElo "1884"]
[WhiteFideId "-1"]
[BlackFideId "-1"]
[PlyCount "64"]
[GameId "2295232021731667"]
[EventDate "2026.04.03"]
[EventType "swiss"]
[EventRounds "5"]
[EventCountry "MNE"]
[SourceVersionDate "2026.04.04"]

1. d4 Nf6 2. c4 g6 3. Nc3 d5 4. cxd5 Nxd5 5. e4 Nxc3 6. bxc3 Bg7 7. Nf3 c5 8. Rb1 Qa5 9. Qd2 a6 10. Be2 Nc6 11. O-O cxd4 12. cxd4 Qxd2 13. Bxd2 Nxd4 14. Nxd4 Bxd4 15. Rb4 e5 16. Rc1 O-O 17. Rc7 Rd8 18. Bh6 b5 19. a4 a5 20. Rxb5 Ba6 21. Bc4 Bxb5 22. Bxf7+ Kh8 23. Be6 Bd7 24. Bxd7 Ra7 25. Rxa7 Bxa7 26. Bb5 Rd1+ 27. Bf1 Ra1 28. g3 Rxa4 29. Bh3 Ra2 30. Be6 Rxf2 31. Bg5 Rf5+ 32. Kg2 Rxg5 0-1

[Event "CEDIS Festival saha 2026 - 1. turnir"]
[Site "Podgorica"]
[Date "2026.04.04"]
[Round "2.10"]
[White "Vujovic, Viktor"]
[Black "Shevtsov, Egor"]
[Result "1-0"]
[WhiteElo "1646"]
[BlackElo "1501"]
[WhiteFideId "-1"]
[BlackFideId "-1"]
[PlyCount "81"]
[GameId "2295232810318240"]
[EventDate "2026.04.03"]
[EventType "swiss"]
[EventRounds "5"]
[EventCountry "MNE"]
[SourceVersionDate "2026.04.04"]

1. e4 e6 2. d4 d5 3. Nd2 Nf6 4. e5 Nfd7 5. c3 c5 6. f4 Qb6 7. Ndf3 Nc6 8. a3 a5 9. a4 cxd4 10. Nxd4 Nxd4 11. cxd4 Bb4+ 12. Kf2 f6 13. Nf3 fxe5 14. fxe5 O-O 15. Kg3 Qc7 16. Bd3 Nf6 17. Kh3 Ne8 18. Ng5 g6 19. Bd2 Bxd2 20. Qxd2 Ng7 21. Rhf1 Bd7 22. b3 Nf5 23. Bxf5 Rxf5 24. Rxf5 gxf5 25. Qe2 Be8 26. Qe3 Qg7 27. g3 Qh6+ 28. Kg2 Rc8 29. Rc1 Rxc1 30. Qxc1 Bc6 31. Qd2 Qg6 32. Nf3 f4 33. Qxf4 Qc2+ 34. Kh3 Qxb3 35. Qg5+ Kf7 36. Qf6+ Kg8 37. Ng5 Be8 38. Qxe6+ Kg7 39. Qf6+ Kg8 40. Ne6 Qxg3+ 41. hxg3 1-0

[Event "CEDIS Festival saha 2026 - 1. turnir"]
[Site "Podgorica"]
[Date "2026.04.04"]
[Round "2.11"]
[White "Markovic, Janko"]
[Black "Rasovic, Uros"]
[Result "0-1"]
[WhiteElo "1587"]
[BlackElo "2208"]
[WhiteFideId "-1"]
[BlackFideId "-1"]
[PlyCount "74"]
[GameId "2295234275469784"]
[EventDate "2026.04.03"]
[EventType "swiss"]
[EventRounds "5"]
[EventCountry "MNE"]
[SourceVersionDate "2026.04.04"]

1. e4 c5 2. Nf3 d6 3. d4 cxd4 4. Nxd4 Nf6 5. Nc3 a6 6. Bd3 e5 7. Nf3 h6 8. O-O Be6 9. Be3 Nc6 10. Qe2 Be7 11. Rfd1 O-O 12. a3 Qc7 13. Bc4 Nd4 14. Bxd4 Bxc4 15. Bb6 Qc6 16. Nd5 Nxd5 17. exd5 Bxe2 18. dxc6 Bxd1 19. Rxd1 bxc6 20. Bc7 Ra7 21. Ba5 Rb7 22. b3 f5 23. Kf1 Kf7 24. Bc3 g5 25. Nd2 Ke6 26. Nc4 Rd7 27. Na5 c5 28. Nc4 Rb8 29. Ke2 Bf6 30. g3 d5 31. Na5 e4 32. Bd2 Rd6 33. h4 d4 34. hxg5 hxg5 35. Rh1 d3+ 36. Ke1 dxc2 37. Ke2 Rbd8 0-1

[Event "CEDIS Festival saha 2026 - 1. turnir"]
[Site "Podgorica"]
[Date "2026.04.04"]
[Round "2.12"]
[White "Vukovic, Stefan"]
[Black "Mitric, Nebojsa"]
[Result "0-1"]
[WhiteElo "1519"]
[BlackElo "1863"]
[WhiteFideId "-1"]
[BlackFideId "-1"]
[PlyCount "66"]
[GameId "2295235120814625"]
[EventDate "2026.04.03"]
[EventType "swiss"]
[EventRounds "5"]
[EventCountry "MNE"]
[SourceVersionDate "2026.04.04"]

1. e4 c5 2. Nc3 e6 3. Bc4 g6 4. f4 Bg7 5. Nf3 Nc6 6. O-O Nge7 7. d3 O-O 8. Qe1 a6 9. a4 d5 10. Bb3 Qb6 11. Kh1 Bd7 12. exd5 Bxc3 13. Qxc3 Nxd5 14. Bxd5 exd5 15. b3 d4 16. Qd2 f6 17. Nh4 Rae8 18. Ba3 Rf7 19. Rab1 Rfe7 20. Rfe1 Kf7 21. Rxe7+ Nxe7 22. b4 Bxa4 23. c3 dxc3 24. Qxc3 cxb4 25. Qxb4 Qxb4 26. Rxb4 Bb5 27. Nf3 Rd8 28. Nd4 Nd5 29. Rb2 Nxf4 30. Nxb5 axb5 31. Rxb5 Rxd3 32. Rxb7+ Ke8 33. g3 Rd1# 0-1